Statistiques concernant Sondage: sous quelle forme consultez-vous les informations ?

Cliquez ici pour prendre le quiz!

Statistiques générales

  • Ce quiz a été pris 107 fois
    (26 depuis la dernière actualisation)
  • Le résultat moyen est 3 sur 6

Statistiques - réponses

ChoixRéponsesVotre réponse% Correct
DRéseaux sociauxD
70%
AChaînes d'informations en continuesA
52%
BRadioB
39%
EJe ne consulte pas les informationsE
39%
FAutreF
35%
CJournauxC
30%

Distribution des résultats

Percentile par nombre de réponses

% des personnes avec chaque résultat

Votre développement - résultats

Vous n’avez pas pris ce quiz depuis la dernière actualisation